000 00644nam a22001937a 4500
003 KenMUT
005 20260219121312.0
008 260219b |||||||| |||| 00| 0 eng d
020 _a9780888066350
040 _cMUT
050 _aHG 655
_b.L36 2004
100 _aLaidler, David E. W
245 _aTwo percent target :
_bthe context, theory, and practice of Canadian monetary policy since 1991 /
260 _aOttawa, Ontario
_bC.D Howe Institute
_c2004
583 _aCataloguing:
_c20260219
_k564564
650 _aMonetary policy announcements
700 _aRobson, William B.P
942 _2lcc
_cBK
_n0
999 _c23594
_d23594